01309cam a22003374i 4500003000900000005001700009008004100026035001900067040003300086082001900119100003400138245008600172264006200258300002800320336002100348337002500369338002300394505043900417526001000856526001000866526001000876526001000886526000800896526000800904526000800912526000800920526000800928526000800936526000800944650001900952PE-LiUPU20250731173139.0150623s r 000 0 d a(Sirsi) a27286 aPE-LiUPUbspacPE-LiUPUerda04a242.4bS372211 aSelf, Carolyn Shealy,eautor.10aSurvival kit for the stranded :bhelps for those who hurt /cCarolyn Shealy Self. 1aNampa, ID :bPacific Press Publishing Association,c1998. a133 páginas ;c21 cm. atext2rdacontent aunmediated2rdamedia avolume2rdacarrier0 aIntroduction. Stranded with grief bill. Stranded with guilt Carolyn and Bill. Stranded with fear Bill. Stranded in illness Carolyn and Bill. Stranded in mental illness Carolyn. Stranded alone Bill. Stranded with despair Bill. Stranded in the middle Bill. Stranded parents Carolyn and Bill. Stranded in the stained-glass jungle Carolyn. Stranded at the end Bill. How to survive: true faith and true grit Carolyn and Bill. Afterthougth. aSEG42 aSEG41 aSEG40 aSEG39 aP94 aP87 aP86 aP85 aP77 aP76 aP3504aConsolación.